The American kalendar : or, United States register...

Bibliographic Details
Format: Serial
Language:English
Published: London : J. Debrett.
Subjects:

MARC

Tag First Indicator Second Indicator Subfields
LEADER 00000cas a2200000 4500
001 in00000065019
005 20151008051214.0
008 800505d17uu1uuukyuar b 0uuua0eng d
035 |a (OCoLC)06283889 
035 |9 AAG6437AM 
040 |a TXA  |c TXA  |d UtOrBLW 
043 |a n-us--- 
049 |a TXAI 
099 |a fiche  |a B  |a 1077 
245 0 4 |a The American kalendar :  |b or, United States register... 
264 1 |a London :  |b J. Debrett. 
300 |c 26 cm. annual. 
336 |a text  |b txt  |2 rdacontent 
337 |a microform  |b h  |2 rdamedia 
338 |a microfiche  |b he  |2 rdacarrier 
362 0 |a 17 - 
533 |a Microfiche.  |b Louisville, Ky.,  |c Lost Cause Press,  |d 1967.  |e 6 sheets. 7.5 x 12.5 cm.  |f (Sabin, Joseph, 1821-1881. [Bibliotheca Americana] Selected Americana. [Microfiche ed.]) 
500 |a Microform. 
651 0 |a United States. 
651 0 |a United States  |v Registers. 
999 |a MARS 
999 f f |s 3b05dec8-02c3-3d01-9554-ac86e0765ed4  |i 4e4aa69b-a130-3b6f-8263-410578d984b6  |t 0 
952 f f |p default  |a Texas A&M University  |b College Station  |c Sterling C. Evans Library  |d Evans: Microforms (3rd floor)  |t 0  |e fiche B 1077  |h Other scheme  |i microform -- microfiche 
998 f f |a fiche B 1077  |s 1798  |t 0  |l Evans: Microforms (3rd floor)